Online
Catalog
Normal view MARC view

Entry Nombre de reunión

Number of records used in: 1

001 - NÚMERO DE CONTROL

  • campo de control: 42465

003 - IDENTIFICADOR DEL NÚMERO DE CONTROL

  • campo de control: OSt

005 - FECHA Y HORA DE LA ÚLTIMA TRANSACCIÓN

  • campo de control: 20200615033900.0

008 - DATOS DE LONGITUD FIJA

  • campo de control de longitud fija: 200615|| aca||aabn | a|a d

040 ## - FUENTE DE LA CATALOGACIÓN

  • Centro catalogador/agencia de origen: OSt
  • Centro/agencia transcriptor: OSt

111 ## - ENCABEZAMIENTO--NOMBRE DE CONGRESO/REUNIÓN

  • Nombre de congreso/reunión o jurisdicción como elemento de entrada: Conversatorio Nacional de Turismo por un turismo sostenible y competitivo
  • Número del congreso/reunión o número de parte o sección: 4 :
  • Sede del congreso/Lugar de la reunión: Santo Domingo
  • Fecha del congreso/reunión: 2003

670 ## - FUENTE DE DATOS ENCONTRADOS

  • Cita de la fuente: Work cat.: (OSt)19422: Conversatorio Nacional de Turismo por un turismo sostenible y competitivo 4 : Santo Domingo 2003, Plan nacional de desarrollo turístico de la República Dominicana 2003-2013.

Powered by Koha